000
00286nam a22001337a 4500
008
170728b xxu||||| |||| 00| 0 eng d
020
_a
2900619268083
041
_a
eng
080
_2
2ND
_a
004
100
_a
31
101
_a
SHK
245
_a
OFFICE 2003
_c
SCHAFFER,A
942
_2
udc
_c
BK
999
_c
22105
_d
22105